Central Library OPAC University of Rajshahi

Shakespeare: The winter's tale / (Record no. 18771)

MARC details
000 -LEADER
fixed length control field 00759nam a2200253 a 4500
001 - CONTROL NUMBER
control field 18771
003 - CONTROL NUMBER IDENTIFIER
rucl marc code BD-RjUL
005 - DATE AND TIME OF LATEST TRANSACTION
control field 20211209000331.0
008 - FIXED-LENGTH DATA ELEMENTS--GENERAL INFORMATION
fixed length control field 140222s1968 enk b 000 1 eng d
035 ## - SYSTEM CONTROL NUMBER
System control number (BD-RjUL)18829
040 ## - CATALOGING SOURCE
Original cataloging agency DLC
Transcribing agency DLC
Modifying agency DLC
-- BD-RjUL
Language of cataloging eng
041 ## - LANGUAGE CODE
Language code of text/sound track or separate title eng
082 00 - DEWEY DECIMAL CLASSIFICATION NUMBER
Classification number 822.33
Author mark and year SHA 1968
Edition number 23
245 10 - TITLE STATEMENT
Title Shakespeare: The winter's tale /
Statement of responsibility, etc. Ed. by A.J.F. Collins M.A
260 ## - PUBLICATION, DISTRIBUTION, ETC. (IMPRINT)
Place of publication, distribution, etc. London :
Name of publisher, distributor, etc. Macmillan,
Date of publication, distribution, etc. 1968.
300 ## - PHYSICAL DESCRIPTION
Pagination 152 p.
Size 18 cm.
350 ## - PRICE (NR) (BK AM CF MU VM SE) [OBSOLETE]
Price 30/-
490 0# - SERIES STATEMENT
Series statement The Tutorial Shakespeare
504 ## - BIBLIOGRAPHY, ETC. NOTE
Bibliography, etc Includes bibliographical references and Index
600 10 - SUBJECT ADDED ENTRY--PERSONAL NAME
Personal name Shakespeare, William,
Dates associated with a name 1564-1616.
General subdivision Examinations
-- Study guides.
700 1# - ADDED ENTRY--PERSONAL NAME
Personal name Collins, A.J.F
942 ## - ADDED ENTRY ELEMENTS (KOHA)
Source of classification or shelving scheme Dewey Decimal Classification
Koha item type Books
Holdings
Lost status Source of classification or shelving scheme Damaged status Not for loan Collection code Permanent Location Current Location Shelving location Date acquired Source of acquisition Total Checkouts Full call number Date last seen Copy number Koha item type
  Dewey Decimal Classification   Not For Loan Fiction Central Library, University of Rajshahi Central Library, University of Rajshahi Reading Room 25/01/1958 V.C R.U Gift   822.33 SHA 1968 22/02/2014 C-2 Books